| 000 | 00534nmm a2200169Ia 4500 | ||
|---|---|---|---|
| 008 | 251105s9999||||xx |||||||||||||||||und|| | ||
| 020 | _a9788496748613 | ||
| 041 | _aspa | ||
| 100 | _aCalle, Ramiro | ||
| 245 | 0 |
_aEl tantra contado con sencillez : _b Un libro sobre esta fascinante práctica. |
|
| 264 |
_a[Madrid, España] : _bMaeva Ediciones, _c2008 |
||
| 300 | _a0 páginas | ||
| 490 | _aContado con Sencillez | ||
| 650 | _aMind, body and spirituality | ||
| 856 | _uhttps://public.digitaliapublishing.com/a/31588 | ||
| 942 | _cCF | ||
| 999 |
_c90059 _d90059 |
||